The playboy of the western world / (Record no. 24587)
[ view plain ]
| 000 -LEADER | |
|---|---|
| fixed length control field | 00735nam a2200241 a 4500 |
| 001 - CONTROL NUMBER | |
| control field | 24587 |
| 003 - CONTROL NUMBER IDENTIFIER | |
| rucl marc code | BD-RjUL |
| 005 - DATE AND TIME OF LATEST TRANSACTION | |
| control field | 20250709144109.0 |
| 008 - FIXED-LENGTH DATA ELEMENTS--GENERAL INFORMATION | |
| fixed length control field | 140313r19661961enk b 000 1 eng d |
| 035 ## - SYSTEM CONTROL NUMBER | |
| System control number | (BD-RjUL)24587 |
| 040 ## - CATALOGING SOURCE | |
| Original cataloging agency | TXP |
| Transcribing agency | TXP |
| Modifying agency | m.c |
| -- | BD-RjUL |
| Language of cataloging | eng |
| 041 ## - LANGUAGE CODE | |
| Language code of text/sound track or separate title | eng |
| 082 04 - DEWEY DECIMAL CLASSIFICATION NUMBER | |
| Edition number | 20 |
| Classification number | 822.914 |
| Author mark and year | SYP 1966 |
| 100 1# - MAIN ENTRY--PERSONAL NAME | |
| Personal name | Synge, J. M. |
| Fuller form of name | (John Millington), |
| Dates associated with a name | 1871-1909. |
| 9 (RLIN) | 75672 |
| 245 14 - TITLE STATEMENT | |
| Title | The playboy of the western world / |
| Statement of responsibility, etc. | J. M. Synge ; with an introduction by T. R. Henn. |
| 260 ## - PUBLICATION, DISTRIBUTION, ETC. (IMPRINT) | |
| Place of publication, distribution, etc. | London : |
| Name of publisher, distributor, etc. | Methuen, |
| Date of publication, distribution, etc. | 1961 [reprinted 1965,1966]. |
| 300 ## - PHYSICAL DESCRIPTION | |
| Pagination | 127 p. ; |
| Size | 19 cm. |
| 500 ## - GENERAL NOTE | |
| General note | Notes: pp. 112-123 |
| General note | Bibliography: pp. 124-125 |
| 650 #0 - SUBJECT ADDED ENTRY--TOPICAL TERM | |
| Topical term or geographic name as entry element | Plays |
| 9 (RLIN) | 75673 |
| Topical term or geographic name as entry element | English Drama |
| 942 ## - ADDED ENTRY ELEMENTS (KOHA) | |
| Source of classification or shelving scheme | Dewey Decimal Classification |
| Koha item type | Books |
| Lost status | Source of classification or shelving scheme | Damaged status | Not for loan | Collection code | Permanent Location | Current Location | Shelving location | Date acquired | Source of acquisition | Cost, normal purchase price | Total Checkouts | Full call number | Date last seen | Copy number | Koha item type |
|---|---|---|---|---|---|---|---|---|---|---|---|---|---|---|---|
| Dewey Decimal Classification | Non-fiction | Central Library, University of Rajshahi | Central Library, University of Rajshahi | 21/08/1969 | Zeitlinger. | 5.60 | 822.914 SYP 1966 | 13/03/2014 | C-6 | Books | |||||
| Dewey Decimal Classification | Not For Loan | Fiction | Central Library, University of Rajshahi | Central Library, University of Rajshahi | Reading Room | 18/04/1967 | B.H. Blackwell ltd. | 4.60 | 822.914 SYP 1965 | 09/07/2025 | C-1 | Books | |||
| Dewey Decimal Classification | Fiction | Central Library, University of Rajshahi | Central Library, University of Rajshahi | General Stacks | 18/04/1967 | B.H. Blackwell ltd. | 4.60 | 822.914 SYP 1965 | 09/07/2025 | C-2 | Books |